[Event "FRA-ch Accession"]
[Site "Agen"]
[Date "2017.08.24"]
[Round "6"]
[White "Travadon, Loic"]
[Black "Guidez, Yann Michael"]
[Result "1-0"]
[WhiteElo "2341"]
[BlackElo "2271"]
[PlyCount "69"]
[EventDate "2017.08.19"]
[EventType "swiss"]
[EventRounds "9"]
[EventCountry "FRA"]
[SourceTitle "EXT 2019"]
[Source "ChessBase"]
[SourceDate "2018.10.10"]
[SourceVersion "1"]
[SourceVersionDate "2018.10.10"]
[SourceQuality "1"]

1. d4 Nf6 2. c4 e6 3. Nf3 d5 4. Nc3 c5 5. cxd5 Nxd5 6. e4 Nxc3 7. bxc3 cxd4 8. cxd4 Bb4+ 9. Bd2 Bxd2+ 10. Qxd2 0-0 11. Bc4 Nc6 12. 0-0 b6 13. Rad1 Na5 14. Bd3 Bb7 15. Rfe1 Rc8 16. d5 Qd6 17. dxe6 Qxe6 18. Nd4 Qe5 19. Nf5 f6 20. f4 Qc5+ 21. Kh1 Rfd8 22. Bc4+ Nxc4 23. Qxd8+ Rxd8 24. Rxd8+ Kf7 25. Rd7+ Kf8 26. Rd8+ Kf7 27. Rd7+ Kf8 28. Rxb7 g6 29. Rd1 Nd2 30. Ng3 Qc2 31. Re1 h5 32. e5 Qc6 33. Rb8+ Ke7 34. f5 h4 35. exf6+ 1-0

[Event "FRA-chT"]
[Site "France"]
[Date "1996.??.??"]
[Round "?"]
[White "Chabanon, Jean Luc"]
[Black "Guidez, Yann Michael"]
[Result "1-0"]
[WhiteElo "2435"]
[BlackElo "2235"]
[PlyCount "71"]
[EventDate "1996.??.??"]
[EventType "team"]
[EventRounds "11"]
[EventCountry "FRA"]
[SourceTitle "CBM 055 Extra"]
[Source "ChessBase"]
[SourceDate "1997.01.01"]
[SourceVersion "1"]
[SourceVersionDate "1997.01.01"]
[SourceQuality "1"]

1. c4 c6 2. Nf3 Nf6 3. d4 d5 4. Nc3 e6 5. e3 Nbd7 6. Qc2 b6 7. cxd5 exd5 8. Bd3 Be7 9. 0-0 0-0 10. Rb1 c5 11. b3 Bb7 12. Bb2 Rc8 13. Rfd1 Re8 14. dxc5 bxc5 15. Ne2 Qb6 16. Ng3 g6 17. Qd2 Bf8 18. Be2 Bh6 19. b4 c4 20. Bd4 Qa6 21. b5 Qa3 22. Rdc1 Ra8 23. Qc3 Qxc3 24. Rxc3 Bg7 25. Nd2 Nb6 26. Bd1 Nfd7 27. Bxg7 Kxg7 28. Ra3 Nc5 29. Ne2 Rec8 30. Nc3 Rc7 31. Nf3 Ne6 32. Bc2 Rc5 33. Kf1 Nd7 34. Rd1 a6 35. bxa6 Nf6 36. axb7 1-0

[Event "FRA-chT"]
[Site "France"]
[Date "1996.??.??"]
[Round "?"]
[White "Martin, Jean Luc"]
[Black "Guidez, Yann Michael"]
[Result "1/2-1/2"]
[WhiteElo "2220"]
[BlackElo "2235"]
[PlyCount "77"]
[EventDate "1996.??.??"]
[EventType "team"]
[EventRounds "11"]
[EventCountry "FRA"]
[SourceTitle "CBM 055 Extra"]
[Source "ChessBase"]
[SourceDate "1997.01.01"]
[SourceVersion "1"]
[SourceVersionDate "1997.01.01"]
[SourceQuality "1"]

1. e4 c5 2. Nf3 g6 3. d4 cxd4 4. Nxd4 Bg7 5. Be3 Nc6 6. Nc3 d6 7. Be2 Nf6 8. h3 0-0 9. 0-0 d5 10. exd5 Nxd5 11. Nxd5 Nxd4 12. Bxd4 Qxd5 13. Bxg7 Qxd1 14. Raxd1 Kxg7 15. Rd2 Be6 16. Rfd1 Rac8 17. Bf3 Rc7 18. a3 b6 19. c3 Bb3 20. Re1 Kf6 21. Rd4 e5 22. Rb4 Bc4 23. Be2 Rfc8 24. Kf1 h5 25. Rd1 Ke7 26. Bxc4 Rxc4 27. Rb5 R4c5 28. Rb4 R8c6 29. Re4 f5 30. Re2 Rd6 31. Red2 Rxd2 32. Rxd2 Ke6 33. Rd8 Rd5 34. Rg8 Kf7 35. Rb8 Rd7 36. Ke2 Ke6 37. Rg8 Kf7 38. Rc8 Ke6 39. Rg8 1/2-1/2

[Event "Cappelle op 11th"]
[Site "Cappelle la Grande"]
[Date "1995.??.??"]
[Round "4"]
[White "Guidez, Yann Michael"]
[Black "Gofshtein, Leonid D"]
[Result "0-1"]
[WhiteElo "2285"]
[BlackElo "2465"]
[PlyCount "88"]
[EventDate "1995.03.??"]
[EventType "swiss"]
[EventRounds "9"]
[EventCountry "FRA"]
[SourceTitle "EXT 1997"]
[Source "ChessBase"]
[SourceDate "1996.11.15"]
[SourceVersion "1"]
[SourceVersionDate "1996.11.15"]
[SourceQuality "1"]

1. Nf3 Nf6 2. c4 g6 3. Nc3 Bg7 4. g3 0-0 5. Bg2 d6 6. 0-0 e5 7. d3 h6 8. Rb1 Nc6 9. b4 Nd4 10. Nd2 Re8 11. e3 Ne6 12. Nf3 Nd7 13. e4 c6 14. Ne2 d5 15. cxd5 cxd5 16. exd5 Nc7 17. d4 e4 18. Ne5 Nf6 19. Nf4 Ncxd5 20. Qb3 g5 21. Nxd5 Qxd5 22. Be3 Qxb3 23. Rxb3 Be6 24. Rb2 Rac8 25. Rc1 Rxc1+ 26. Bxc1 Rc8 27. Bd2 b5 28. h4 g4 29. Kf1 Bf5 30. Ke1 Nd5 31. h5 f6 32. Ng6 Bxg6 33. hxg6 f5 34. Bf1 Bxd4 35. Rb3 a6 36. a4 bxa4 37. Ra3 Nb6 38. Ra2 Bc3 39. Bxa6 Bxd2+ 40. Kxd2 Rd8+ 41. Kc1 Rd4 42. Bb5 Rxb4 43. Be8 Kg7 44. Kd2 Nd5 0-1

[Event "Cannes op"]
[Site "Cannes"]
[Date "1993.??.??"]
[Round "1"]
[White "Wahls, Matthias"]
[Black "Guidez, Yann Michael"]
[Result "1-0"]
[WhiteElo "2525"]
[BlackElo "2295"]
[PlyCount "73"]
[EventDate "1993.02.??"]
[EventType "swiss"]
[EventRounds "9"]
[EventCountry "FRA"]
[SourceTitle "TD"]
[Source "ChessBase"]
[SourceDate "1994.03.01"]
[SourceVersion "1"]
[SourceVersionDate "1994.03.01"]
[SourceQuality "1"]

1. e4 c5 2. Nf3 d6 3. d4 cxd4 4. Nxd4 g6 5. Nc3 Bg7 6. Be2 Nf6 7. 0-0 0-0 8. Bg5 Nc6 9. Nb3 Be6 10. Qd2 a5 11. a4 Rc8 12. Rad1 Nb4 13. Nd4 Bc4 14. Rfe1 Qb6 15. Be3 Bxe2 16. Qxe2 Qc7 17. f3 Qc4 18. Nb3 Nd7 19. Bd4 Ne5 20. Qf2 Ned3 21. cxd3 Qxb3 22. Bxg7 Kxg7 23. f4 Kg8 24. Rd2 Rfe8 25. Qb6 Rxc3 26. bxc3 Qxc3 27. Red1 Rc8 28. Qxb7 Qd4+ 29. Kh1 Rc5 30. Qxe7 Nxd3 31. Qh4 Qxe4 32. h3 Nxf4 33. Re1 Qf5 34. Qd8+ Kg7 35. Qxd6 Nxh3 36. Qd4+ f6 37. Re7+ 1-0

[Event "FRA-chT"]
[Site "France"]
[Date "1992.??.??"]
[Round "?"]
[White "Guidez, Yann Michael"]
[Black "Spassky, Boris Vasilievich"]
[Result "0-1"]
[WhiteElo "2345"]
[BlackElo "2545"]
[PlyCount "70"]
[EventDate "1992.??.??"]
[EventType "team"]
[EventRounds "8"]
[EventCountry "FRA"]
[SourceTitle "EXT 1997"]
[Source "ChessBase"]
[SourceDate "1996.11.15"]
[SourceVersion "1"]
[SourceVersionDate "1996.11.15"]
[SourceQuality "1"]

1. d4 Nf6 2. c4 e6 3. Nf3 d5 4. Nc3 Nbd7 5. e3 Be7 6. Be2 0-0 7. 0-0 b6 8. cxd5 exd5 9. Qa4 Bb7 10. Rd1 c6 11. Bd2 Bd6 12. Rac1 Re8 13. Be1 g6 14. Bf1 Ng4 15. Ne2 a6 16. Nf4 Ngf6 17. b4 b5 18. Qb3 Nb6 19. Nd3 Nc4 20. a4 Bc8 21. Ra1 Bg4 22. Be2 Ne4 23. Ra2 f6 24. Nc5 Bxc5 25. dxc5 Bxf3 26. gxf3 Ng5 27. Bc3 Qe7 28. h4 Ne6 29. Ba1 f5 30. e4 Qxh4 31. Qc3 Rad8 32. axb5 axb5 33. Bxc4 bxc4 34. Ra7 d4 35. Qxc4 fxe4 0-1

[Event "FRA-chT"]
[Site "France"]
[Date "1992.??.??"]
[Round "?"]
[White "Guidez, Yann Michael"]
[Black "Vaisman, Volodia"]
[Result "1-0"]
[WhiteElo "2345"]
[BlackElo "2390"]
[PlyCount "139"]
[EventDate "1992.??.??"]
[EventType "team"]
[EventRounds "8"]
[EventCountry "FRA"]
[SourceTitle "EXT 1997"]
[Source "ChessBase"]
[SourceDate "1996.11.15"]
[SourceVersion "1"]
[SourceVersionDate "1996.11.15"]
[SourceQuality "1"]

1. c4 g6 2. Nc3 Bg7 3. d4 d6 4. e4 Nd7 5. Be2 e5 6. Nf3 Ngf6 7. 0-0 0-0 8. Bg5 h6 9. Bh4 exd4 10. Nxd4 Re8 11. f4 c6 12. Nb3 Qc7 13. Kh1 a5 14. Nd2 Nc5 15. Qc2 a4 16. Rae1 Qa5 17. a3 Nfd7 18. Bg3 Nf8 19. f5 Be5 20. Bxe5 dxe5 21. Bg4 g5 22. Re3 Nh7 23. Rh3 Kg7 24. f6+ Nxf6 25. Bxc8 Raxc8 26. Rhf3 Re6 27. Rf5 Qd8 28. Nf3 Qd3 29. Qc1 Nb3 30. Qe1 Rce8 31. Nxe5 Rxe5 32. Rxf6 R8e7 33. Qf2 Qd7 34. Qg3 Qc7 35. Qh3 Qd8 36. Rxh6 Qg8 37. Rhf6 Kf8 38. Rh6 Kg7 39. Rhf6 Kf8 40. Qc8+ Kg7 41. Qg4 Qh7 42. Qg3 Kg8 43. R6f5 Qg7 44. Rd1 Re8 45. Rxe5 Qxe5 46. Rd8 Kh7 47. Rxe8 Qxe8 48. Qxg5 Nd4 49. e5 Ne6 50. Qh5+ Kg7 51. Ne4 Nf4 52. Qg5+ Ng6 53. Qf6+ Kg8 54. Qxg6+ fxg6 55. Nf6+ Kf7 56. Nxe8 Kxe8 57. Kg1 Ke7 58. Kf2 Ke6 59. Ke3 Kxe5 60. h4 Kf5 61. Kf3 c5 62. g3 Ke5 63. g4 Kd4 64. h5 gxh5 65. gxh5 Kxc4 66. h6 Kb3 67. h7 Kxb2 68. h8Q+ Kxa3 69. Qc3+ Ka2 70. Qc2+ 1-0

[Event "FRA-chT"]
[Site "France"]
[Date "1991.??.??"]
[Round "?"]
[White "Apicella, Manuel"]
[Black "Guidez, Yann Michael"]
[Result "1-0"]
[WhiteElo "2430"]
[BlackElo "2320"]
[PlyCount "53"]
[EventDate "1991.??.??"]
[EventType "team"]
[EventRounds "12"]
[EventCountry "FRA"]
[SourceTitle "TD"]
[Source "ChessBase"]
[SourceDate "1994.03.01"]
[SourceVersion "1"]
[SourceVersionDate "1994.03.01"]
[SourceQuality "1"]

1. e4 c5 2. Nf3 d6 3. d4 cxd4 4. Nxd4 g6 5. Nc3 Bg7 6. Be3 Nf6 7. f3 0-0 8. Qd2 d5 9. e5 Nfd7 10. f4 Nc6 11. 0-0-0 Nb6 12. Be2 Nxd4 13. Bxd4 Nc4 14. Qe1 Be6 15. g4 Qc8 16. Qg3 b5 17. Rhg1 Qc6 18. f5 b4 19. Nb1 Bh6+ 20. Nd2 Rfc8 21. Bd3 Nxd2 22. Rxd2 Bxd2+ 23. Kxd2 Bd7 24. e6 Be8 25. fxg6 hxg6 26. exf7+ Bxf7 27. Qh4 1-0

[Event "FRA-chT"]
[Site "France"]
[Date "1991.??.??"]
[Round "?"]
[White "Marin, Mihail"]
[Black "Guidez, Yann Michael"]
[Result "1-0"]
[WhiteElo "2535"]
[BlackElo "2320"]
[PlyCount "54"]
[EventDate "1991.??.??"]
[EventType "team"]
[EventRounds "12"]
[EventCountry "FRA"]
[SourceTitle "TD"]
[Source "ChessBase"]
[SourceDate "1994.03.01"]
[SourceVersion "1"]
[SourceVersionDate "1994.03.01"]
[SourceQuality "1"]

1. d4 Nf6 2. c4 g6 3. Nc3 Bg7 4. e4 d6 5. Bd3 0-0 6. Nge2 Nc6 7. 0-0 e5 8. d5 Ne7 9. Ng3 c6 10. Qe2 Kh8 11. h3 Nd7 12. Be3 Nc5 13. Bc2 f5 14. exf5 cxd5 15. Bg5 Bf6 16. Bxf6+ Rxf6 17. fxg6 d4 18. Qh5 Nxg6 19. Nd5 d3 20. Nxf6 Qxf6 21. b4 Ne6 22. Bxd3 Nef4 23. Qd1 Nxd3 24. Qxd3 Nf4 25. Qe4 Bxh3 26. gxh3 Rg8 27. Kh2 Qh4 1-0

[Event "FRA-chT"]
[Site "France"]
[Date "1990.??.??"]
[Round "6"]
[White "Apicella, Manuel"]
[Black "Guidez, Yann Michael"]
[Result "1-0"]
[WhiteElo "2320"]
[BlackElo "2180"]
[PlyCount "113"]
[EventDate "1990.??.??"]
[EventType "team"]
[EventRounds "11"]
[EventCountry "FRA"]
[SourceTitle "EXT 2007"]
[Source "ChessBase"]
[SourceDate "2006.11.23"]
[SourceVersion "1"]
[SourceVersionDate "2006.11.23"]
[SourceQuality "1"]

1. e4 c5 2. Nf3 d6 3. d4 cxd4 4. Nxd4 Nf6 5. Nc3 e6 6. Be2 Be7 7. 0-0 0-0 8. f4 Nc6 9. Kh1 e5 10. Nb3 a5 11. a4 Nb4 12. Bf3 Be6 13. Be3 Rc8 14. Rf2 d5 15. Rd2 dxe4 16. Rxd8 Rfxd8 17. Qe2 exf3 18. gxf3 e4 19. Bb6 exf3 20. Qxf3 Nxc2 21. Bxd8 Rxd8 22. Qxb7 Bb4 23. Qb6 Re8 24. Rd1 Bxb3 25. Rd8 Kf8 26. h3 Ke7 27. Qc7+ Kf8 28. Kh2 g6 29. Rxe8+ Nxe8 30. Qe5 f6 31. Qb5 Nd4 32. Qd7 Bd6 33. Qxh7 Bxf4+ 34. Kg2 Bf7 35. Qh8+ Ke7 36. Qh4 g5 37. Qh7 Kf8 38. Qe4 Be5 39. Qa8 Nb3 40. Qc8 Kg7 41. Qd7 Nc7 42. h4 gxh4 43. Qg4+ Kf8 44. Qxh4 Nd5 45. Qh8+ Ke7 46. Qc8 Nf4+ 47. Kf2 Nd3+ 48. Kg2 Nxb2 49. Qb7+ Kf8 50. Qc8+ Kg7 51. Qg4+ Kh6 52. Qh4+ Bh5 53. Nd5 Nd3 54. Nxf6 Nf4+ 55. Kh1 Nd4 56. Ng4+ Kg6 57. Nxe5+ 1-0

[Event "FRA-chT"]
[Site "France"]
[Date "1989.??.??"]
[Round "?"]
[White "Guidez, Yann Michael"]
[Black "Dubois, Jean Marie"]
[Result "1-0"]
[WhiteElo "2200"]
[BlackElo "2305"]
[PlyCount "128"]
[EventDate "1989.??.??"]
[EventType "team"]
[EventRounds "11"]
[EventCountry "FRA"]
[SourceTitle "TD"]
[Source "ChessBase"]
[SourceDate "1994.03.01"]
[SourceVersion "1"]
[SourceVersionDate "1994.03.01"]
[SourceQuality "1"]

1. d4 d5 2. c4 Nc6 3. Nc3 Nf6 4. Nf3 dxc4 5. e3 e5 6. Bxc4 exd4 7. exd4 Bd6 8. 0-0 0-0 9. Bg5 h6 10. Bh4 Bg4 11. Kh1 g5 12. Bg3 Ne7 13. Qd3 Bf5 14. Qd2 Nh5 15. Rae1 Ng6 16. Ne4 Nhf4 17. Qa5 Bg4 18. Ne5 Bxe5 19. dxe5 Kg7 20. Qc3 Be6 21. Nc5 Bxc4 22. e6+ Qf6 23. Qxc4 fxe6 24. Nd7 Qf7 25. Nxf8 Rxf8 26. Qe4 c6 27. Rd1 e5 28. Rd6 Qf5 29. Qxf5 Rxf5 30. Bxf4 exf4 31. Re1 Rb5 32. b3 Ne5 33. h4 Ng4 34. h5 Nxf2+ 35. Kg1 Ng4 36. Re7+ Kf8 37. Rc7 Ke8 38. Rg6 Kf8 39. Kf1 Re5 40. Rd6 Nh2+ 41. Kg1 Ng4 42. Rd8+ Re8 43. Rxe8+ Kxe8 44. Rxb7 Nf6 45. Rxa7 Nxh5 46. Rc7 Ng3 47. Rxc6 h5 48. Rc7 Kd8 49. Rh7 Kc8 50. b4 g4 51. a4 Kb8 52. a5 Ne2+ 53. Kf2 Nd4 54. Rxh5 g3+ 55. Kg1 f3 56. gxf3 Nxf3+ 57. Kg2 Nd2 58. b5 Nc4 59. Rh8+ Ka7 60. Rh7+ Kb8 61. a6 Ka8 62. Kxg3 Nb6 63. Kf3 Nd5 64. Rh5 Nf6 1-0

[Event "FRA-chT"]
[Site "France"]
[Date "1989.??.??"]
[Round "?"]
[White "Guidez, Yann Michael"]
[Black "Kosten, Anthony C"]
[Result "0-1"]
[WhiteElo "2200"]
[BlackElo "2505"]
[PlyCount "80"]
[EventDate "1989.??.??"]
[EventType "team"]
[EventRounds "11"]
[EventCountry "FRA"]
[SourceTitle "TD"]
[Source "ChessBase"]
[SourceDate "1994.03.01"]
[SourceVersion "1"]
[SourceVersionDate "1994.03.01"]
[SourceQuality "1"]

1. d4 Nf6 2. c4 e6 3. Nf3 Bb4+ 4. Nbd2 b6 5. g3 Bb7 6. Bg2 0-0 7. 0-0 d5 8. Qc2 Nbd7 9. Rd1 Bd6 10. e4 Be7 11. cxd5 exd5 12. e5 Ne8 13. Nf1 c5 14. dxc5 Rc8 15. c6 Rxc6 16. Qe2 Nc5 17. Nd4 Rg6 18. b4 Ne6 19. a3 Nxd4 20. Rxd4 Nc7 21. Ne3 Qa8 22. Nf5 Re8 23. Qh5 Bf8 24. Rh4 h6 25. Rg4 Kh7 26. Bb2 Ne6 27. Bf1 Ng5 28. Nh4 d4 29. Bd3 Kg8 30. Nxg6 fxg6 31. Qxg6 Bh1 32. Be4 Bxe4 33. Rxe4 Nxe4 34. h4 Nd2 35. e6 Nf3+ 36. Kf1 Ne5 37. Qf5 Qd5 38. f4 Qf3+ 39. Ke1 Nd3+ 40. Kd2 Qe3+ 0-1

[Event "FRA-chT"]
[Site "France"]
[Date "1989.??.??"]
[Round "?"]
[White "Guidez, Yann Michael"]
[Black "Yedlin, Isidoro"]
[Result "0-1"]
[WhiteElo "2200"]
[BlackElo "2225"]
[PlyCount "80"]
[EventDate "1989.??.??"]
[EventType "team"]
[EventRounds "11"]
[EventCountry "FRA"]
[SourceTitle "TD"]
[Source "ChessBase"]
[SourceDate "1994.03.01"]
[SourceVersion "1"]
[SourceVersionDate "1994.03.01"]
[SourceQuality "1"]

1. d4 g6 2. Nf3 Bg7 3. Bf4 d6 4. e3 f5 5. Bc4 c6 6. a4 Nf6 7. c3 Nd5 8. Qb3 e6 9. Bxd5 cxd5 10. Na3 Nc6 11. Nb5 Bf8 12. Qa3 e5 13. Bg5 Qd7 14. Bf6 e4 15. Ng5 a6 16. Bxh8 axb5 17. Qb3 h6 18. Nh3 Qh7 19. Bf6 Qf7 20. Bh4 g5 21. Nxg5 hxg5 22. Bxg5 Na5 23. Qxb5+ Bd7 24. Qb4 Bc6 25. Bf4 Qg6 26. g3 Nc4 27. b3 Nb2 28. 0-0 Nd3 29. Qb6 Kd7 30. b4 Ra6 31. Qxa6 bxa6 32. b5 Bb7 33. Rfb1 a5 34. b6 Kc6 35. Rb5 Nxf4 36. exf4 Bh6 37. Rxa5 Bxf4 38. Ra7 e3 39. Rb1 Bxg3 40. hxg3 f4 0-1